[Event "USA-ch (Women) playoff"]
[Site "Seattle"]
[Date "2003.01.19"]
[Round "3"]
[White "Krush, Irina"]
[Black "Shahade, Jennifer"]
[Result "1-0"]
[WhiteElo "2433"]
[BlackElo "2330"]
[PlyCount "65"]
[EventDate "2003.01.19"]
[EventType "tourn"]
[EventRounds "3"]
[EventCountry "USA"]
[EventCategory "4"]
[SourceTitle "CBM 093"]
[Source "ChessBase"]
[SourceDate "2003.04.01"]
[SourceVersion "1"]
[SourceVersionDate "2003.04.01"]
[SourceQuality "1"]

1. d4 Nf6 2. c4 g6 3. f3 c5 4. d5 d6 5. e4 e6 6. Nc3 exd5 7. cxd5 Bg7 8. Be3 0-0 9. h4 a6 10. a4 Qa5 11. Qd2 Re8 12. g4 Bxg4 13. fxg4 Nxg4 14. Nge2 b5 15. Bg2 Nd7 16. 0-0 b4 17. Nd1 Nde5 18. Bf4 Qd8 19. Bg5 f6 20. Bf4 f5 21. Bg5 Qd7 22. exf5 gxf5 23. Rc1 h6 24. Bf4 Qxa4 25. Nf2 Qb5 26. Nxg4 fxg4 27. Ng3 Nc4 28. Qc2 Ne3 29. Qg6 Qd7 30. Bxe3 Rxe3 31. Nf5 Re2 32. Nxh6+ Kh8 33. Rf7 1-0

[Event "USA-ch"]
[Site "Seattle"]
[Date "2003.01.12"]
[Round "4"]
[White "Shahade, Jennifer"]
[Black "Fishbein, Alexander"]
[Result "0-1"]
[WhiteElo "2330"]
[BlackElo "2489"]
[PlyCount "90"]
[EventDate "2003.01.09"]
[EventType "swiss"]
[EventRounds "9"]
[EventCountry "USA"]
[SourceTitle "CBM 093"]
[Source "ChessBase"]
[SourceDate "2003.04.01"]
[SourceVersion "1"]
[SourceVersionDate "2003.04.01"]
[SourceQuality "1"]

1. e4 c5 2. Nf3 d6 3. d4 cxd4 4. Nxd4 Nf6 5. Nc3 Nc6 6. Bg5 e6 7. Qd2 Be7 8. 0-0-0 0-0 9. Nb3 Qb6 10. f3 Rd8 11. Kb1 Qc7 12. Bd3 d5 13. Nb5 Qb8 14. exd5 Rxd5 15. Nc3 Rd8 16. Rhe1 b6 17. Qe2 Bb7 18. Bh4 Nb4 19. Bc4 Rxd1+ 20. Rxd1 Qxh2 21. Bg5 Qg3 22. Bxf6 Bxf6 23. Ne4 Qe5 24. Nxf6+ Qxf6 25. Rd7 Bc6 26. Rd6 Bd5 27. Bxd5 Nxd5 28. Qa6 Qe7 29. Rc6 Qd7 30. Rc4 h6 31. Rd4 e5 32. Rd2 Qc6 33. Qe2 f6 34. Qe4 Ne7 35. Rd7 Qxd7 36. Qxa8+ Kf7 37. a3 Nd5 38. Ka2 Ne3 39. Qe4 Nxg2 40. Qc4+ Kf8 41. Qb4+ Kg8 42. a4 h5 43. a5 bxa5 44. Nxa5 h4 45. c4 h3 0-1